000 01668nam a2200445 i 4500
001 22176
003 FlNmELB
005 20241216214002.0
006 m o d |
007 cr cnu||||||||
008 150406s2014 sp ob 001 0 spa d
020 _a9788420688831 (e-book)
020 _z9788420683027
035 _a(MiAaPQ)EBC3228140
035 _a(Au-PeEL)EBL3228140
035 _a(CaPaEBR)ebr11028733
035 _a(OCoLC)991946438
040 _aFINmELB
_bspa
_erda
_cFINmELB
050 4 _aLB2822.75
_b.L954 2014
080 _a37
082 0 _a370.78
_223
100 1 _aLukas Mujika, José Francisco.
245 1 0 _aEvaluación educativa /
_cJosé Francisco Lukas Mujika y Karlos Santiago Etxebarría.
250 _aSegunda edición.
264 1 _aMadrid :
_bAlianza Editorial,
_c2014.
300 _a1 recurso en línea (332 páginas)
336 _atexto
_btxt
_2rdacontent/spa
337 _acomputadora
_bc
_2rdamedia/spa
338 _arecurso en línea
_bcr
_2rdacarrier/spa
500 _aIncluye índice.
504 _aContiene bibliografía.
588 _aDescripción basada en recurso en línea; Título de la página del título en PDF (e-libro, visto April 06, 2015).
590 _aRecurso electrónico. Santa Fe, Arg.: e-libro, 2015. Disponible vía World Wide Web. El acceso puede estar limitado para las bibliotecas afiliadas a e-libro.
650 0 _aEducational evaluation
_zSpain.
650 4 _aEvaluación educativa
_zEspaña.
655 4 _aLibros electrónicos.
700 1 _aSantiago Etxebarría, Karlos,
_eautor.
797 2 _ae-libro, Corp.
856 4 0 _uhttps://elibro.net/ereader/politecnicointernacional/45435
999 _c22176
_d22176